LIBRARY & INFORMATION CENTRE, KCAET, TAVANUR

ONLINE PUBLIC ACCESS CATALOGUE (OPAC)

Modification and performance evaluation of six row rice transplanter for conventional seedlings (Record no. 15320)

MARC details
000 -LEADER
fixed length control field 00392nam a22001217a 4500
082 ## - DEWEY DECIMAL CLASSIFICATION NUMBER
Classification number 631.37
Item number BAI/MO
100 ## - MAIN ENTRY--AUTHOR NAME
Personal name BAINU T. KUZHIVELY
245 ## - TITLE STATEMENT
Title Modification and performance evaluation of six row rice transplanter for conventional seedlings
260 ## - PUBLICATION, DISTRIBUTION, ETC. (IMPRINT)
Place of publication Tavanur
Name of publisher Kelappaji College of Agricultural Engineering and Technology
Year of publication 1990
300 ## - PHYSICAL DESCRIPTION
Number of Pages 85
500 ## - GENERAL NOTE
General note Thesis
942 ## - ADDED ENTRY ELEMENTS (KOHA)
Koha item type Theses
Holdings
Withdrawn status Lost status Damaged status Home library Current library Date acquired Full call number Accession Number Koha item type Public note
      KAUAET KAUAET 03/03/2018 631.37 BAI/MO 17738 Theses M.Tech Thesis
free website counter